MARC details
| 000 -CABECERA |
| campo de control de longitud fija |
01877nam a2200313 i 4500 |
| 003 - IDENTIFICADOR DEL NÚMERO DE CONTROL |
| campo de control |
DO-SdBNP |
| 005 - FECHA Y HORA DE LA ÚLTIMA TRANSACCIÓN |
| campo de control |
20230724124521.0 |
| 007 - CAMPO FIJO DE DESCRIPCIÓN FÍSICA--INFORMACIÓN GENERAL |
| campo de control de longitud fija |
ta |
| 008 - DATOS DE LONGITUD FIJA--INFORMACIÓN GENERAL |
| campo de control de longitud fija |
201105e2018 2dr acr grb c 001 0dspa d |
| 020 ## - NÚMERO INTERNACIONAL ESTÁNDAR DEL LIBRO |
| Número Internacional Estándar del Libro |
9789945906745 |
| 040 ## - FUENTE DE LA CATALOGACIÓN |
| Centro catalogador/agencia de origen |
DO-SdBNP |
| Lengua de catalogación |
spa |
| Centro/agencia transcriptor |
BNPHU |
| Normas de descripción |
rda |
| 082 #4 - NÚMERO DE LA CLASIFICACIÓN DECIMAL DEWEY |
| Número de clasificación |
923.2 |
| Número de documento/Ítem |
P438m |
| Número de edición |
22 |
| 245 04 - MENCIÓN DE TÍTULO |
| Título |
La mujer dominicana en la Cámara de Diputados : |
| Resto del título |
semblanzas de las mujeres que han sido diputadas durante el período 1942 - 2016 / |
| Mención de responsabilidad, etc. |
editor, Modesto Cuesta Soriano ; coordinadora general, Yarisabel Marmolejos. |
| 264 ## - PRODUCCIÓN, PUBLICACIÓN, DISTRIBUCIÓN, FABRICACIÓN Y COPYRIGHT |
| Producción, publicación, distribución, fabricación y copyright |
Santo Domingo : |
| Nombre del de productor, editor, distribuidor, fabricante |
Camara de Diputados de la República Dominicana, |
| Fecha de producción, publicación, distribución, fabricación o copyright |
2018. |
| 300 ## - DESCRIPCIÓN FÍSICA |
| Extensión |
647 páginas : |
| Otras características físicas |
ilustraciones, mapas, gráficos, retratos ; |
| Dimensiones |
26 cm. |
| 336 ## - TIPO DE CONTENIDO |
| Fuente |
rdacontent |
| Término de tipo de contenido |
texto |
| Código de tipo de contenido |
txt |
| 337 ## - TIPO DE MEDIO |
| Fuente |
rdamedia |
| Nombre/término del tipo de medio |
sin mediación |
| Código del tipo de medio |
n |
| 338 ## - TIPO DE SOPORTE |
| Fuente |
rdacarrier |
| Nombre/término del tipo de soporte |
volumen |
| Código del tipo de soporte |
nc |
| 504 ## - NOTA DE BIBLIOGRAFÍA, ETC. |
| Nota de bibliografía, etc. |
Bibliografía : p. 646-647 |
| 505 ## - NOTA DE CONTENIDO CON FORMATO |
| Nota de contenido con formato |
Palabra de Rubén Maldonado, presidente de la Cámara de Diputados |
| Título |
La mujer dominicana en la Cámara de Diputados. Semblanzas de las mujeres que han sido diputadas durante el período 1942 - 2016 -- |
| Mención de responsabilidad |
Delia Blanco -- |
| Título |
La evolución de la mujer en la Cámara de Diputados -- |
| Mención de responsabilidad |
Flor Esmirna Batista Polo |
| Título |
La participacion de la mujer en la Cámara de Diputados desde la perspectiva de la equidad de genero -- |
| Mención de responsabilidad |
Magda Rodríguez |
| Título |
Exordio -- |
| Mención de responsabilidad |
Karen Ricardo |
| Título |
Reflexiones y testimonios -- |
| Mención de responsabilidad |
Ginette Bournigal |
| Título |
De la autoras -- |
| 590 ## - NOTA LOCAL (RLIN) |
| Nota local |
Inventariado, 2020 /LP |
| 650 #4 - PUNTO DE ACCESO ADICIONAL DE MATERIA--TÉRMINO DE MATERIA |
| Término de materia o nombre geográfico como elemento de entrada |
Mujeres en la política |
| Subdivisión geográfica |
República Dominicana |
| Subdivisión de forma |
Biografías |
| 9 (RLIN) |
78818 |
| Subdivisión cronológica |
1942-2016 |
| 650 #4 - PUNTO DE ACCESO ADICIONAL DE MATERIA--TÉRMINO DE MATERIA |
| Término de materia o nombre geográfico como elemento de entrada |
Políticos |
| Subdivisión geográfica |
República Dominicana |
| Subdivisión de forma |
Biografías |
| 9 (RLIN) |
6328 |
| Subdivisión cronológica |
1942-2016 |
| 700 1# - PUNTO DE ACCESO ADICIONAL--NOMBRE DE PERSONA |
| Nombre de persona |
Cuesta Soriano, Modesto, |
| Término indicativo de función/relación |
editor |
| 9 (RLIN) |
77667 |
| 700 1# - PUNTO DE ACCESO ADICIONAL--NOMBRE DE PERSONA |
| Nombre de persona |
Marmolejos, Yarisabel |
| Término indicativo de función/relación |
coordinador |
| 9 (RLIN) |
80840 |
| 710 2# - PUNTO DE ACCESO ADICIONAL--NOMBRE DE ENTIDAD CORPORATIVA |
| Nombre de entidad corporativa o nombre de jurisdicción como elemento de entrada |
Camara de Diputados de la República Dominicana |
| 9 (RLIN) |
57997 |
| 910 ## - DATOS DE OPCIÓN DEL USUARIO (OCLC) |
| Datos de opción del usuario |
Lopérez.Validado Control de calidad MFF |
| 942 ## - ELEMENTOS DE PUNTO DE ACCESO ADICIONAL (KOHA) |
| Fuente del sistema de clasificación o colocación |
Dewey Decimal Classification |
| Tipo de ítem Koha |
Libro |